Cuzary (Record no. 140790)

MARC details
000 -LEADER
campo de control de longitud fija 01177nam a2200265 i 4500
001 - NÚMERO DE CONTROL
campo de control 140790
003 - IDENTIFICADOR DE NÚMERO DE CONTROL
campo de control ES-MaACL
005 - FECHA Y HORA DE LA ÚLTIMA TRANSACCIÓN
campo de control 20250905144242.0
007 - CAMPO FIJO DE DESCRIPCIÓN FÍSICA--INFORMACIÓN GENERAL
campo de control de longitud fija t|
008 - DATOS DE LONGITUD FIJA--INFORMACIÓN GENERAL
campo de control de longitud fija 070917s1910 sp ||||1| spa d
080 ## - NÚMERO DE LA CLASIFICACIÓN DECIMAL UNIVERSAL
Número de la Clasificación Decimal Universal 821.411.21(460)-82"11"
100 1# - ENTRADA PRINCIPAL--NOMBRE DE PERSONA
Nombre de persona Yehuda ha-Levi.
9 (RLIN) 117609
245 10 - MENCIÓN DEL TÍTULO
Título Cuzary
Resto del título : diálogo filosófico /
Mención de responsabilidad, etc. por Yehudá Ha-Leví (siglo XII) ; traducido del árabe al hebreo por Yehuda Abentibbon y del hebreo al castellano por Jacob Abendana ; publícalo Adolfo Bonilla San Martín ; con un apéndice de Marcelino Menéndez y Pelayo.
260 ## - PUBLICACIÓN, DISTRIBUCIÓN, ETC.
Lugar de publicación, distribución, etc. Madrid :
Nombre del editor, distribuidor, etc. Librería General de Victoriano Suárez,
Fecha de publicación, distribución, etc. 1910.
300 ## - DESCRIPCIÓN FÍSICA
Extensión XXVIII, 561 p. ;
Dimensiones 18 cm.
490 1# - MENCIÓN DE SERIE
Mención de serie Colección de filósofos españoles y extranjeros
650 #4 - PUNTO DE ACCESO ADICIONAL DE MATERIA--TÉRMINO DE MATERIA
Término de materia o nombre geográfico como elemento de entrada Judaísmo-
Subdivisión de forma Obras de controversia.
9 (RLIN) 13970
700 1# - ENTRADA AGREGADA--NOMBRE PERSONAL
Nombre de persona Ibn Tibbon, Yehudah ben Saül,
Fechas asociadas al nombre 1120-1190
9 (RLIN) 171475
700 1# - ENTRADA AGREGADA--NOMBRE PERSONAL
Nombre de persona Abendana, Jacob,
Fechas asociadas al nombre 1630-1695
9 (RLIN) 171474
700 1# - ENTRADA AGREGADA--NOMBRE PERSONAL
Nombre de persona Bonilla y San Martín, Adolfo,
Fechas asociadas al nombre 1875-1926
9 (RLIN) 30193
700 1# - ENTRADA AGREGADA--NOMBRE PERSONAL
Nombre de persona Menéndez y Pelayo, Marcelino,
Fechas asociadas al nombre 1856-1912
9 (RLIN) 80332
830 1# - PUNTO DE ACCESO ADICIONAL DE SERIE-TÍTULO UNIFORME
Título uniforme Colección de filósofos españoles y extranjeros
9 (RLIN) 184005
852 ## - LOCALIZACIÓN
Ubicación ES-MaACL
Número de control de estantería G-9886
Holdings
Estatus retirado Estado de pérdida Estado de daño No para préstamo Biblioteca de origen Biblioteca actual Ubicación en estantería Fecha de adquisición Fuente de adquisición Total de préstamos Signatura topográfica completa Código de barras Visto por última vez Precio de reemplazo Tipo de ítem Koha
        Biblioteca del Ateneo de Madrid Biblioteca del Ateneo de Madrid Sala Pecera Planta 3 17/01/2008     G-9886 1146504 23/02/2023 23/02/2023 Libro impreso